Państwa z największą liczbą tytułów Wielkiego Szlema w tenisie - Statystyki

Ogólne statystyki
  • Ten quiz został rozwiązany 70 razy
  • Średni wynik to 9 z 10
Statystyki odpowiedzi
# Najlepszy zawodnik Państwo % Poprawnych
40 Rafael Nadal Hiszpania
100%
14 Maria Szarapowa Rosja
100%
35 Novak Djokovic Serbia
100%
144 Serena Williams Stany Zjednoczone
100%
29 Roger Federer Szwajcaria
97%
25 Björn Borg Szwecja
96%
32 Steffi Graf Niemcy
90%
45 Margaret Court Australia
78%
11 Justine Henin Belgia
60%
15 Ivan Lendl Czechosłowacja
53%
Nie znaleziono quizów pasujących do podanych kryteriów
Rozkład punktacji
Procent ludzi z każdym wynikiem
Percentyl według liczby udzielonych odpowiedzi
Twoja historia wyników
Nie rozwiązałeś tego quizu